| 000 | 03117nam a22001577a 4500 | ||
|---|---|---|---|
| 041 | _aukr | ||
| 080 | _a09 | ||
| 090 | _bПРО | ||
| 100 | _aПроцик, Ю. П. | ||
| 245 | _aОсобливості вербального зображення головного героя в англійському детективному романі (на основі творів Агати Крісті "Sperking Cyanide", Рут Рендел "End in Tears", Марка Біллінгема та Дорті Сейерс) | ||
| 260 |
_aОстрог _bКАФ _c2014 |
||
| 300 | _a64 | ||
| 520 |
_aВступ.
Розділ І. Теоритичні засади дослідження зразків англійських детективних романів.
1.1. Детективний роман в системі художньо-розважальної літератури
1.1.1. Історія становлення детективної літератури
1.1.2. Класифікація детективних романів за сюжетом
1.1.3. Головний герой в основі класифікації детективних творів
1.2. Словесний портрет персонажа художнього твору
1.2.1. Типи і функції словесно-художнього портрету
1.2.2. Портрет з точки зору лінгвостилістики
1.3. Сучасні уявлення про співвідношення мови та мовлення
1.4. Стилістичний аспект аналізу
Розділ ІІ. Лінгвостилістичний аналіз досліджуваних творів.
2.1. Особливості зображення головних героїв у "Іскристому ціаніді" А. Крісті
2.2. Особливості зображення інспектора Вексфорда у романі Рут Рендел "Слізний кінець"
2.3. Специфіка словесного портрету Тома Сорні у творі "З того світу" М. Біллінгема
2.4. Словесна характеристика головного героя роману "Чиє ж тіло" Дороті Сейерс
Розділ ІІІ. Лексико-стилістичний аналіз мовлення детективів.
3.1. Особливості мовлення поліцейських у творі Агати Крісті
3.2. Характеристика мовлення головного персонажа твору Рут Рендел
3.3. Аналіз мовлення Тома Сорні, героя твору Марка Біллінгема
3.4. Особливості мовлення головного героя Дороті Сейерс в контексті створення його словесного портрету
Висновки.
Список використаних джерел. _0детективний роман, лінгвостилістичний аналіз |
||
| 650 | _aResearch Papers | ||
| 999 |
_c285394 _d285394 |
||
| 942 | _cBK | ||